[Event "CRO-ch U15"]
[Site "Trogir"]
[Date "2022.06.26"]
[Round "8"]
[White "Klanac, Lovre"]
[Black "Kurtovic, Darko"]
[Result "0-1"]
[WhiteElo "1624"]
[BlackElo "1353"]
[PlyCount "72"]
[EventDate "2022.06.22"]
[EventType "swiss"]
[EventRounds "9"]
[EventCountry "CRO"]
[SourceTitle "CBM 209 Extra"]
[Source "ChessBase"]
[SourceDate "2022.09.30"]
[SourceVersion "1"]
[SourceVersionDate "2022.09.30"]
[SourceQuality "1"]

1. d4 Nf6 2. c4 d6 3. Nf3 Nbd7 4. Nc3 e5 5. e4 exd4 6. Nxd4 g6 7. Be2 Bg7 8. Be3 0-0 9. 0-0 Re8 10. f3 Nb6 11. Qd2 Qe7 12. Bh6 a6 13. Bxg7 Kxg7 14. g4 h5 15. g5 Nfd7 16. Nd5 Nxd5 17. cxd5 Ne5 18. f4 Nd7 19. Qc3 Kg8 20. Bd3 Nc5 21. Rae1 Nxd3 22. Qxd3 Bd7 23. Qc3 Rac8 24. Qb3 c5 25. dxc6 bxc6 26. e5 dxe5 27. Rxe5 Qd6 28. Nf3 Rxe5 29. Nxe5 Be6 30. Qa4 Qc5+ 31. Kg2 Qe3 32. Rf3 Bd5 33. Qxa6 Rb8 34. Qa5 Rxb2+ 35. Kh3 Be6+ 36. Kh4 Rxh2+ 0-1

[Event "CRO-ch U15"]
[Site "Trogir"]
[Date "2022.06.24"]
[Round "4"]
[White "Klanac, Lovre"]
[Black "Zadro, Matej"]
[Result "0-1"]
[WhiteElo "1624"]
[BlackElo "1861"]
[PlyCount "56"]
[EventDate "2022.06.22"]
[EventType "swiss"]
[EventRounds "9"]
[EventCountry "CRO"]
[SourceTitle "CBM 209 Extra"]
[Source "ChessBase"]
[SourceDate "2022.09.30"]
[SourceVersion "1"]
[SourceVersionDate "2022.09.30"]
[SourceQuality "1"]

1. d4 Nf6 2. Nf3 c5 3. d5 g6 4. c4 b5 5. cxb5 a6 6. bxa6 Bg7 7. Nc3 0-0 8. e4 Qa5 9. Bd2 Bxa6 10. Qc2 Bxf1 11. Kxf1 Na6 12. Ne2 Qb5 13. a4 Nb4 14. Bxb4 Qxb4 15. Nd2 Rfb8 16. Ra2 Bh6 17. Nc4 Qb3 18. Qxb3 Rxb3 19. Nc3 Rb4 20. e5 Nxd5 21. Nxd5 Rxc4 22. Ke2 Rcxa4 23. Rxa4 Rxa4 24. Nxe7+ Kf8 25. Nc8 Rb4 26. Rb1 Bf4 27. Kd3 Bxe5 28. Rc1 d6 0-1

[Event "CRO-ch U13"]
[Site "Trogir"]
[Date "2020.08.28"]
[Round "8"]
[White "Klanac, Lovre"]
[Black "Krizanic, Petar"]
[Result "1-0"]
[WhiteElo "1364"]
[BlackElo "1294"]
[PlyCount "67"]
[EventDate "2020.08.24"]
[EventType "swiss"]
[EventRounds "9"]
[EventCountry "CRO"]
[SourceTitle "CBM 198 Extra"]
[Source "ChessBase"]
[SourceDate "2020.11.30"]
[SourceVersion "1"]
[SourceVersionDate "2020.11.30"]
[SourceQuality "1"]

1. d4 Nf6 2. c4 e6 3. Nf3 d5 4. Nc3 Be7 5. Bf4 Nc6 6. e3 0-0 7. Be2 dxc4 8. Bxc4 b6 9. 0-0 Bb7 10. Re1 Nb4 11. a3 Bxf3 12. gxf3 Nc6 13. Qd2 h6 14. Rad1 Na5 15. Ba2 c6 16. e4 Nh5 17. Bg3 Bd6 18. Kh1 Rc8 19. Rg1 Nxg3+ 20. fxg3 e5 21. b4 Nb7 22. Qe3 Qf6 23. Ne2 exd4 24. Nxd4 c5 25. Nf5 cxb4 26. Nxd6 Nxd6 27. axb4 Nb5 28. e5 Qe7 29. e6 Nc3 30. exf7+ Rxf7 31. Qxe7 Nxa2 32. Rd8+ Rxd8 33. Qxd8+ Rf8 34. Qd5+ 1-0

[Event "CRO-ch U13"]
[Site "Trogir"]
[Date "2020.08.26"]
[Round "4"]
[White "Klanac, Lovre"]
[Black "Mandaric, Fran"]
[Result "0-1"]
[WhiteElo "1364"]
[BlackElo "1700"]
[PlyCount "162"]
[EventDate "2020.08.24"]
[EventType "swiss"]
[EventRounds "9"]
[EventCountry "CRO"]
[SourceTitle "CBM 198 Extra"]
[Source "ChessBase"]
[SourceDate "2020.11.30"]
[SourceVersion "1"]
[SourceVersionDate "2020.11.30"]
[SourceQuality "1"]

1. d4 Nf6 2. c4 e6 3. Nf3 Bb4+ 4. Nc3 Ne4 5. Qc2 f5 6. Bd2 Bxc3 7. Bxc3 d6 8. e3 Nd7 9. Bd3 Ndf6 10. Bxe4 Nxe4 11. Nd2 Nxc3 12. Qxc3 Bd7 13. 0-0-0 Qe7 14. Qb3 Rb8 15. Nb1 b5 16. a3 0-0 17. Nc3 a5 18. cxb5 Bxb5 19. Nxb5 c6 20. Qc3 Rxb5 21. Qxc6 Rfb8 22. Rd2 Qd8 23. Rc2 Rxb2 24. Rxb2 Rc8 25. Qxc8 Qxc8+ 26. Rc2 Qb7 27. f3 Qb3 28. Kd2 f4 29. exf4 Qa4 30. Kd3 Qxa3+ 31. Kd2 Qb4+ 32. Kd3 Qb5+ 33. Ke3 Qb3+ 34. Kd2 a4 35. Rhc1 h6 36. Ra1 a3 37. Rca2 Qc4 38. Ke3 Qc3+ 39. Ke4 d5+ 40. Ke5 Kf7 41. Kd6 Qxd4 42. g3 Qb4+ 43. Kd7 Qb7+ 44. Kd6 Qb6+ 45. Kd7 e5 46. Rxa3 exf4 47. gxf4 Qe6+ 48. Kc7 Qf6 49. Ra4 d4 50. Rd1 Qxf4+ 51. Kb6 Qd6+ 52. Kb5 d3 53. Rd2 Qe5+ 54. Ka6 Qf6+ 55. Kb5 Qf5+ 56. Ka6 Qxf3 57. Raa2 Qe4 58. Kb5 Ke6 59. Rf2 Qd5+ 60. Kb4 Qd4+ 61. Kb3 Ke5 62. Rfd2 Qd5+ 63. Kc3 Qd4+ 64. Kb3 Ke4 65. Ra4 Qxa4+ 66. Kxa4 Ke3 67. Rd1 Ke2 68. Ra1 d2 69. Ra2 Ke1 70. Ra1+ d1Q+ 71. Rxd1+ Kxd1 72. Kb5 Ke2 73. Kc5 Kf3 74. Kd4 Kg2 75. h4 Kg3 76. Ke3 Kxh4 77. Kf2 g5 78. Kg1 Kg3 79. Kh1 Kh3 80. Kg1 g4 81. Kh1 g3 0-1

[Event "CRO-ch U13"]
[Site "Trogir"]
[Date "2019.06.18"]
[Round "3"]
[White "Klanac, Lovre"]
[Black "Fiolic, Luka"]
[Result "1/2-1/2"]
[WhiteElo "1482"]
[BlackElo "1240"]
[PlyCount "30"]
[EventDate "2019.06.17"]
[EventType "swiss"]
[EventRounds "9"]
[EventCountry "CRO"]
[SourceTitle "EXT 2020"]
[Source "ChessBase"]
[SourceDate "2019.10.17"]
[SourceVersion "1"]
[SourceVersionDate "2019.10.17"]
[SourceQuality "1"]

1. d4 d5 2. Bf4 Nc6 3. Nf3 Bf5 4. a3 Nf6 5. e3 e6 6. Bb5 Bd6 7. Bxc6+ bxc6 8. Be5 c5 9. Nc3 Rb8 10. Rb1 0-0 11. 0-0 Re8 12. Qe2 c4 13. a4 c5 14. dxc5 Bxe5 15. Nxe5 Qc7 1/2-1/2